Diálogos sobre la física atómica / (Registro nro. 40693)
[ vista simple ]
| 000 -LEADER | |
|---|---|
| fixed length control field | 01368cam a2200349 i 4500 |
| 001 - CONTROL NUMBER | |
| control field | 40693 |
| 003 - CONTROL NUMBER IDENTIFIER | |
| control field | Mx-PuUPA |
| 005 - DATE AND TIME OF LATEST TRANSACTION | |
| control field | 20260413102320.0 |
| 008 - FIXED-LENGTH DATA ELEMENTS--GENERAL INFORMATION | |
| fixed length control field | 140415s1972 sp gr 000 0aspa d |
| 017 ## - COPYRIGHT OR LEGAL DEPOSIT NUMBER | |
| Copyright or legal deposit number | M. 36630-1972 |
| 020 ## - INTERNATIONAL STANDARD BOOK NUMBER | |
| International Standard Book Number | 8422004038 |
| 040 ## - CATALOGING SOURCE | |
| Transcribing agency | Mx-PuUPA |
| Original cataloging agency | Mx-PuUPA |
| Language of cataloging | spa |
| Modifying agency | Mx-PuUPA |
| Description conventions | rda |
| 041 1# - LANGUAGE CODE | |
| Language code of text/sound track or separate title | spa |
| Language code of original | ger |
| 100 1# - MAIN ENTRY--PERSONAL NAME | |
| Personal name | Heisenberg, Werner, |
| Dates associated with a name | 1901-1976 |
| 9 (RLIN) | 18006 |
| Relator term | autor |
| 240 10 - UNIFORM TITLE | |
| Uniform title | Der teil und das ganze. Gespräche im umkreis der atomphysik. |
| Language of a work | Español |
| 245 10 - TITLE STATEMENT | |
| Title | Diálogos sobre la física atómica / |
| Statement of responsibility, etc. | por Werner Heisenberg ; traducción española de Wolfgang Strobl y Luis Pelayo |
| 264 #1 - PRODUCTION, PUBLICATION, DISTRIBUTION, MANUFACTURE, AND COPYRIGHT NOTICE | |
| Place of production, publication, distribution, manufacture | Madrid, España : |
| Name of producer, publisher, distributor, manufacturer | Biblioteca de Autores Cristianos, |
| Date of production, publication, distribution, manufacture, or copyright notice | ©1972 |
| 300 ## - PHYSICAL DESCRIPTION | |
| Extent | 317 páginas ; |
| Dimensions | 20 cm |
| 336 ## - CONTENT TYPE | |
| Fuente | rdacontent |
| Content type term | texto |
| Content type code | txt |
| 337 ## - MEDIA TYPE | |
| Source | rdamedia |
| Media type term | sin medio |
| Media type code | n |
| 338 ## - CARRIER TYPE | |
| Source | rdacarrier |
| Carrier type term | volumen |
| Carrier type code | nc |
| 490 0# - SERIES STATEMENT | |
| Series statement | Biblioteca de Autores Cristianos |
| 600 14 - SUBJECT ADDED ENTRY--PERSONAL NAME | |
| Personal name | Heisenber, Werner, 1901-1976 |
| Form subdivision | Autobiografía |
| 650 #7 - SUBJECT ADDED ENTRY--TOPICAL TERM | |
| Source of heading or term | armarc |
| Topical term or geographic name entry element | Física nuclear |
| 650 #7 - SUBJECT ADDED ENTRY--TOPICAL TERM | |
| Source of heading or term | armarc |
| Topical term or geographic name entry element | Física |
| General subdivision | Filosofía |
| 700 1# - ADDED ENTRY--PERSONAL NAME | |
| Personal name | Strobl, Wolfgang, |
| Relator term | traductor |
| 700 1# - ADDED ENTRY--PERSONAL NAME | |
| Personal name | Pelayo, Luis, |
| Relator term | traductor |
| 765 ## - ORIGINAL LANGUAGE ENTRY | |
| Main entry heading | Heisenberg, Werner, 1901-1976 |
| Place, publisher, and date of publication | New York : Harper & Row, 1971 |
| Title | Der teil und das ganze. Gespräche im umkreis der atomphysik. |
| 942 ## - ADDED ENTRY ELEMENTS (KOHA) | |
| Source of classification or shelving scheme | Dewey Decimal Classification |
| Koha item type | Libro |
| Classification part | 539.7 |
| Item part | H4618 |
| Withdrawn status | Lost status | Source of classification or shelving scheme | Damaged status | Not for loan | Collection code | Home library | Current library | Shelving location | Date acquired | Source of acquisition | Total Checkouts | Full call number | Barcode | Price effective from | Koha item type |
|---|---|---|---|---|---|---|---|---|---|---|---|---|---|---|---|
| Dewey Decimal Classification | General | Centro de Estudios en Ciencia y Religión | Centro de Estudios en Ciencia y Religión | Sala general | 03/12/2013 | Compra | 539.7 H4618 1972 | 61351 | 03/12/2013 | Libro |